000 00981nam a22002537a 4500
005 20240514133118.0
008 240514b ||||| |||| 00| 0 eng d
020 _a9798986796437
040 _aCO-BoUCM
_cDavid Moreno
_dDavid Moreno
100 1 _aPhoenix Stock, Braxton
_9180702
245 1 0 _aUnderstanding Gender Identity
_bExplore the True Meaning of Pronouns and Gender Dysphoria, and Learn to Be a More Authentic You
_cBraxton Phoenix Stock
260 _aMonee, IL
_bDedicated Publishing
_c2024
300 _a160 Paginas
650 1 4 _aBiografías LGBTQ+
_9180703
650 1 4 _aIdentidad de género
_950366
650 1 4 _aDiversidad sexual
_9180704
650 1 4 _aAutoconocimiento
_9180705
650 1 4 _aAceptación personal
_9180706
650 1 4 _aEducación de género
_9180707
650 1 4 _aTransformación Personal (Libros)
_9180708
650 1 4 _aMemorias (Libros)
_9180709
942 _2DEWEY
_a2
_cLIBRO
_e1
_h305.3
_mP574u
_n0
999 _c324185
_d324185